ARRUPE JESUIT UNIVERSITY

CORONAVIRUS -STOP THE SPREAD - CLEAN,DISINFECT,COVER

Four levels of Catholic social teaching : (Record no. 128510)

MARC details
000 -LEADER
fixed length control field 00929cam a22002417a 4500
001 - CONTROL NUMBER
control field 16101028
003 - CONTROL NUMBER IDENTIFIER
control field ARRUPE
005 - DATE AND TIME OF LATEST TRANSACTION
control field 20181106115915.0
008 - FIXED-LENGTH DATA ELEMENTS--GENERAL INFORMATION
fixed length control field 100223s2009 rh a b 000 0 eng
010 ## - LIBRARY OF CONGRESS CONTROL NUMBER
LC control number 2010307010
040 ## - CATALOGING SOURCE
Original cataloging agency DLC
Transcribing agency DLC
042 ## - AUTHENTICATION CODE
Authentication code lcode
043 ## - GEOGRAPHIC AREA CODE
Geographic area code f------
050 00 - LIBRARY OF CONGRESS CALL NUMBER
Classification number HN37.C3 F773
300 ## - PHYSICAL DESCRIPTION
Other physical details ill. (some col.) ;
Dimensions 21 cm.
100 ## - MAIN ENTRY--PERSONAL NAME
Personal name AFCAST
9 (RLIN) 43278
245 00 - TITLE STATEMENT
Title Four levels of Catholic social teaching :
Remainder of title a guide to teaching CST in seminaries and formation houses in Africa.
260 ## - PUBLICATION, DISTRIBUTION, ETC. (IMPRINT)
Place of publication, distribution, etc Mount Pleasant, Harare, Zimbabwe :
Name of publisher, distributor, etc African Forum for Catholic Social Teaching,
Date of publication, distribution, etc 2009.
300 ## - PHYSICAL DESCRIPTION
Extent 24 p. :
504 ## - BIBLIOGRAPHY, ETC. NOTE
Bibliography, etc Includes bibliographical references (p. 22-24).
650 #0 - SUBJECT ADDED ENTRY--TOPICAL TERM
Topical term or geographic name as entry element Sociology, Catholic
9 (RLIN) 13981
710 2# - ADDED ENTRY--CORPORATE NAME
Corporate name or jurisdiction name as entry element African Forum for Catholic Social Teachings.
9 (RLIN) 43279
906 ## - LOCAL DATA ELEMENT F, LDF (RLIN)
a 7
b cbc
c origode
d 4
e ncip
f 20
g y-gencatlg
942 ## - ADDED ENTRY ELEMENTS (KOHA)
Source of classification or shelving scheme Library of Congress Classification
Koha item type Monograph ( Printed materials)
Holdings
Withdrawn status Lost status Source of classification or shelving scheme Damaged status Not for loan Collection code Home library Current library Shelving location Date acquired Total Checkouts Full call number Barcode Date last seen Price effective from Koha item type
    Library of Congress Classification     Main Collection ARRUPE LIBRARY ARRUPE LIBRARY Main Collection 06/11/2018   HN37.C3 F773 46600002818 06/11/2018 06/11/2018 Monograph ( Printed materials)

 

Arrupe Library. PO Box MP320 Mt Pleasant, Harare, Zimbabwe
263 242 745411|librarian@aju.ac.zw